00366nam a22001337a 450000500170000000800410001704100130005808200120007110000120008324500350009526000450013030000310017565000260020620240725125043.0240725b |||||||| |||| 00| 0 eng d aEnglish  a349 SOU lEnglish aThe South African Law Reports  aCape Town :bJuta and Company Ltd,c1940 bviii, 437 pages; c26 cm.  aLegal practice bLaw